Представление документа в формате RUSMARC

ПолеНазваниеЗначение
  Тип записи a
  Библиографический уровень m
001 Контрольный номер RU/SLIB/B/208790802
005 Дата корректировки 20201206204418.9
010 Индекс ISBN __
a ISBN 5-85009-946-8 (в обл.)
d Цена 120-00
100 Данные общей обработки __
a Данные общей обработки 19050304d2005 |||y0rusy0189 ca
101 Язык документа 0_
a Язык текста rus
102 Страна публикации __
a Страна публикации ru
105 Кодированные данные (монография) __
a Кодированные данные (монография) a |||||||zy
200 Заглавие и сведения об ответственности 1_
a Заглавие Организационно-методические основы подготовки спортивного резерва
e Сведения, относящиеся к заглавию монография
f Первые сведения об ответственности В. Г. Никитушкин, В. Г. Бауэр, П. В. Квашук
b Общее обозначение материала Текст
210 Выходные данные __
a Место издания М.
c Издательство Совет. спорт
d Дата издания 2005
215 Физическое описание __
a Объем 229, [1] с.
c Иллюстрации/тип воспроизводства ил., табл.
320 Библиография __
a Библиография Библиогр.: с. 224-227
330 Аннотация __
a Аннотация Обобщение опыта подготовки сильнейших отечественных и зарубежных спортсменов, новые научные данные о тренировке юношей и юниоров.
606 Тематические рубрики __
a Основная рубрика Физическая культура и спорт
606 Тематические рубрики __
a Основная рубрика Теория и методика физического воспитания
610 Ключевые слова __
a Ключевые слова спортсмены; спортивные резервы; спортивные тренировки; подготовка спортсменов; юниоры; юношеский спорт; спортивные школы
686 Индексы других классификаций __
a Классификационный индекс 75.15
700 Автор _1
a Фамилия Никитушкин
b Имя В. Г.
g Полное личное имя Виктор Григорьевич
4 Код отношения 070
701 Альтернативная интеллектуальная ответственность _1
a Фамилия Бауэр
b Имя В. Г.
g Полное личное имя Владимир Генрихович
4 Код отношения 070
701 Альтернативная интеллектуальная ответственность _1
a Фамилия Квашук
b Имя П. В.
g Полное личное имя Павел Валентинович
4 Код отношения 070
801 Источник записи _0
a Страна ru
b Организация Муниципальное бюджетное учреждение культуры "Централизованная библиотечная система" г. Сургут (Центральная городская библиотека им. А. С. Пушкина)
c Дата составления 20050304
g Правила каталогизации КиК/Елгина
801 Источник записи _1
a Страна ru
b Организация Муниципальное бюджетное учреждение культуры "Централизованная библиотечная система" г. Сургут (Центральная городская библиотека им. А. С. Пушкина)
c Дата составления 20050304
g Правила каталогизации КиК/Елгина
852 Данные о местонахождении __
j Шифр хранения 75.15
c Каталожный индекс 75.1
i Авторский знак Н 62
901 Тип документа __
t Тип документа m
903 Характеристики (МАРС) __
a Дата передачи 20060803
990 Данные о заказе (DOS) __
j Количество экземпляров (DOS) 2
h N записи в КСУ для Б/У (DOS) 200608